书目信息 |
| 题名: |
遇见潜意识的自己
|
|
| 作者: | 荣歌 著 | |
| 分册: | ||
| 出版信息: | 北京 中国华侨出版社 2013 |
|
| 页数: | 247页 | |
| 开本: | 21cm | |
| 丛书名: | ||
| 单 册: | ||
| 中图分类: | B842.7 | |
| 科图分类: | ||
| 主题词: | 下意识--通俗读物 | |
| 电子资源: | ||
| ISBN: | 978-7-5113-3804-4 | |
| 000 | 00799nam0 2200241 450 | |
| 001 | 337979 | |
| 005 | 20150529080529.01 | |
| 010 | @a978-7-5113-3804-4@dCNY28.00 | |
| 100 | @a20131017d2013 em y0chiy50 ea | |
| 101 | 0 | @achi |
| 102 | @aCN@b110000 | |
| 105 | @ay z 000yy | |
| 106 | @ar | |
| 200 | 1 | @a遇见潜意识的自己@Ayu jian qian yi shi de zi ji@e直觉修炼课@f荣歌著 |
| 210 | @a北京@c中国华侨出版社@d2013 | |
| 215 | @a247页@d21cm | |
| 330 | @a本书共分八章, 主要内容包括: 潜意识的表现、色彩潜意识、驾驭潜意识、“以偏概全”晕轮效应、人际交往中的潜意识、女人的幸福潜意识、你想成为什么样的人等。 | |
| 517 | 1 | @a直觉修炼课@Azhi jue xiu lian ke |
| 606 | 0 | @a下意识@j通俗读物 |
| 690 | @aB842.7@v5 | |
| 701 | 0 | @a荣歌@Arong ge@4著 |
| 801 | 0 | @aCN@b卓展宏图@c20150525 |
| 905 | @dB842.7@e1238@f5 | |
| 遇见潜意识的自己:直觉修炼课/荣歌著.-北京:中国华侨出版社,2013 |
| 247页;21cm |
| ISBN 978-7-5113-3804-4:CNY28.00 |
| 本书共分八章, 主要内容包括: 潜意识的表现、色彩潜意识、驾驭潜意识、“以偏概全”晕轮效应、人际交往中的潜意识、女人的幸福潜意识、你想成为什么样的人等。 |
| ● |
| 相关链接 |
|
|
|
|
正题名:遇见潜意识的自己
索取号:B842.7/1238
 
预约/预借
| 序号 | 登录号 | 条形码 | 馆藏地/架位号 | 状态 | 备注 |
| 1 | 856963 | 208569636 | 第一样本阅览室/ [索取号:B842.7/1238] | 在馆 | |
| 2 | 856964 | 208569645 | 第一借阅区/ [索取号:B842.7/1238] | 在馆 | |
| 3 | 856965 | 208569654 | 第一借阅区/ [索取号:B842.7/1238] | 在馆 | |
| 4 | 856966 | 208569663 | 第一借阅区/ [索取号:B842.7/1238] | 在馆 | |
| 5 | 856967 | 208569672 | 第一借阅区/ [索取号:B842.7/1238] | 在馆 |